I am a girl like you (barbie) - lyrics - Statistics

General Stats
  • This quiz has been taken 82 times
    68 since last reset
  • The average score is 218 of 299
Answer Stats
Answer % Correct
I
100%
A
97%
Like
94%
You
94%
Am
91%
An
91%
Girl
91%
I'm
91%
Just
91%
The
91%
You're
91%
Me
88%
So
88%
That
85%
Yes
85%
Be
82%
In
82%
It
82%
Some
82%
We
82%
And
79%
If
79%
On
79%
True
79%
To
76%
But
74%
Come
74%
My
74%
It's
71%
She
71%
Somewhere
71%
That's
71%
Want
71%
All
68%
Bell
68%
Can
68%
Comes
68%
Else
68%
Feet
68%
Have
68%
I'd
68%
Maid
68%
Rubs
68%
Running
68%
There's
68%
As
65%
Dreams
65%
Eggs
65%
Plate
65%
Rather
65%
Ring
65%
See
65%
While
65%
Bed
62%
Books
62%
Breakfast
62%
Day
62%
Do
62%
Eat
62%
Fetch
62%
Get
62%
Head
62%
Is
62%
Library
62%
Mile
62%
Reading
62%
Science
62%
Think
62%
We'd
62%
Away
59%
Barn's
59%
Brings
59%
Carp
59%
Cold
59%
Cookie
59%
Late
59%
Myself
59%
Silver
59%
Sleeping
59%
Still
59%
Them
59%
Tin
59%
Up
59%
Wet
59%
What
59%
Will
59%
Back
56%
Know
56%
Make
56%
Omelet
56%
Pay
56%
Responsibility
56%
Take
56%
Tray
56%
Wear
56%
Anyone
53%
Gown
53%
Hot
53%
Now
53%
Serves
53%
Blue
50%
Carry
50%
From
50%
I've
50%
Life
50%
Met
50%
Of
50%
Play
50%
Sky
50%
Into
47%
Madame
47%
Need
47%
Never
47%
Ours
47%
Snuggled
47%
Strolling
47%
Sure
47%
Turns
47%
Was
47%
You'd
47%
Crown
44%
Down
44%
First
44%
Front
44%
Heart
44%
Pattern
44%
Room
44%
Something
44%
Through
44%
Around
41%
Beats
41%
Choose
41%
Dance
41%
Fabric
41%
Imagine
41%
Pin
41%
Rack
41%
Speaks
41%
Stitch
41%
Truth
41%
Without
41%
Groom
38%
Minstrels
38%
Strife
38%
Unfamiliar
38%
Voice
38%
Plain
29%
No matching quizzes found
Score Distribution
Percent of People with Each Score
Percentile by Number Answered
Your Score History
You have not taken this quiz since the last reset